| 000 | 00528nam a22001697a 4500 | ||
|---|---|---|---|
| 003 | OSt | ||
| 005 | 20140311163156.0 | ||
| 008 | 140226t xxu||||| |||| 00| 0 eng d | ||
| 020 | _a0205168744 | ||
| 050 |
_aPE1128.A2 _b.Ec26 1998 |
||
| 100 |
_aEchevarria, Jana _9909 |
||
| 245 |
_aSheltered content instruction : _bteaching English-language learners with diverse abilities / _cJana Echevarria. |
||
| 260 |
_aBoston : _bAllyn and Bacon, _c1998. |
||
| 300 |
_a191 p. : _bill. ; _c23 cm. |
||
| 942 |
_2lcc _cBK-TR |
||
| 999 |
_c42383 _d42383 |
||